000
00247nam a2200097Ia 4500
001
681317
005
20250826161357.0
008
250824s9999 xx 000 0 und d
245
0
_a
GİZEMLİ ANAHTAR
_c
ANDREW CLEMENTS
260
_b
GÜNIŞIĞI YAYINLARI
999
_c
681317
_d
681317